[Event "BL9899 (Women)"]
[Site "Germany"]
[Date "1998.11.14"]
[Round "3.5"]
[White "Voiska, Margarita"]
[Black "Sheynina, Yuliya"]
[Result "1-0"]
[WhiteElo "2335"]
[BlackElo "2085"]

1.c4 e6 2.Nf3 d5 3.g3 Nf6 4.Bg2 Be7 5.O-O O-O 6.b3 c5 7.e3 Nc6 8.Bb2 Bd7
9.Qe2 Rc8 10.Rd1 Qc7 11.Nc3 a6 12.Rac1 d4 13.exd4 Nxd4 14.Nxd4 cxd4 15.Nd5 Nxd5
16.cxd5 Qb6 17.Qe4 Rxc1 18.Rxc1 Bf6 19.dxe6 Bxe6 20.Ba3 Rb8 21.Qf4 Qd8 22.h4 b6
23.Bd6 g5 24.hxg5 Bxg5 25.Qxd4 Bf6 26.Qf4 Bg5 27.Qb4 a5 28.Qa3 Bxd2 29.Bxb8 Bxc1
30.Qxc1 Qxb8 31.Qg5+ Kf8 32.Qh6+ Ke7 33.Qh4+ Ke8 34.Bc6+ Kf8 35.Qxh7 Qd6
36.Qh8+ Ke7 37.Qa8 Kf6 38.Qh8+ Ke7 39.Qh4+ Kf8 40.Bf3 Qc5 41.Kg2 Kg7 42.Qd8 a4
43.bxa4 Bxa2 44.Qd2 Be6 45.Qb2+ Kg8 46.Qb5 Qd4 47.Qg5+ Kf8 48.Qh6+ Ke7 49.Qh4+ Qxh4
50.gxh4 Kf6 51.Kg3 Ke5 52.Bd1 Bf5 53.Bb3 Bd7 54.Bc2 f5 55.f4+ Kf6 56.Kf2 Be8
57.Ke3 Bh5 58.Kd4 Bf3 59.Kc4 Kg6 60.Kb5 Bg4 61.Kxb6 Kh5 62.a5 Kxh4 63.a6  1-0

[Event "Budapest FS11 IM-B"]
[Site "Budapest"]
[Date "1998.11.17"]
[Round "11"]
[White "Pham Minh Hoang"]
[Black "Sulskis, Giedrius"]
[Result "1-0"]
[WhiteElo "2245"]
[BlackElo "2235"]

1.c4 e6 2.Nf3 d5 3.b3 Nf6 4.g3 Be7 5.Bg2 O-O 6.O-O b6 7.Bb2 Bb7 8.d3 c5 9.cxd5 Bxd5
10.Nc3 Bc6 11.Rc1 Nbd7 12.Qc2 Rc8 13.Nd1 Bd6 14.Ne3 Qe7 15.Rfd1 Rfd8 16.Qb1 Bb8
17.Qa1 Ne8 18.Nc4 Ba8 19.a4 h6 20.a5 b5 21.Ne3 a6 22.Rc2 e5 23.Rdc1 Qe6 24.Ng5 hxg5
25.Bxa8 Ndf6 26.Bb7 Rc7 27.Bg2 Nd7 28.Nd5 Rcc8 29.b4 Ba7 30.Ne3 Nd6 31.Bd5 Qe8
32.bxc5 Bxc5 33.Ng4 Ba7 34.Nxe5 Nf6 35.Bb3 Rxc2 36.Rxc2 Rc8 37.Qc1 Rxc2 38.Qxc2 Nd7
39.Nc6 Bc5 40.d4  1-0

[Event "Owens Corning"]
[Site "Wrexham"]
[Date "1998.11.19"]
[Round "2"]
[White "Webster, Andrew"]
[Black "Martinovsky, Eugene"]
[Result "1-0"]
[WhiteElo "2420"]
[BlackElo "2365"]

1.c4 e6 2.Nf3 d5 3.b3 Nf6 4.g3 Be7 5.Bg2 c5 6.O-O Nc6 7.e3 O-O 8.Bb2 Qc7
9.Nc3 a6 10.cxd5 exd5 11.Rc1 b5 12.Ne2 Nb4 13.Nf4 Rd8 14.a3 Nc6 15.Bxf6 gxf6
16.Nh4 Be6 17.Bh3 Qd7 18.Kg2 c4 19.bxc4 bxc4 20.Qh5 Ne5 21.Bf5 Bxf5 22.Nxf5 Bf8
23.g4 Rab8 24.Rg1 Kh8 25.Qh4 Qc6 26.Nd4 Qd6 27.Nh5 Ng6 28.Qh3 Rb2 29.d3 Re8
30.Rgd1 Qe5 31.Kg1 cxd3 32.Rxd3 Be7 33.Nc6 Qe6 34.Nxe7 Nxe7 35.Qf3 f5 36.Qf4 Qe4
37.Qxe4 fxe4 38.Rdc3 Ng6 39.Nf6 Rd8 40.Rc8 Rb8 41.Rxb8 Rxb8 42.Nxd5 Ne5 43.Nf6 Nxg4
44.Nxe4 Rg8 45.Ng3 Rg5 46.Rc4 Nf6 47.Rc6 Kg7 48.Rxa6 h5 49.h4 Rc5 50.Kg2 Ng4
51.Kf3 Ne5+ 52.Ke4 Ng6 53.Nf5+ Kh7 54.f4 Rc7 55.a4 Rc1 56.Ra7 Kg8 57.Nh6+ Kg7
58.Nxf7 Nxh4 59.Ng5+ Kg6 60.Ra6+ Kg7 61.a5 Ng2 62.f5 Rc4+ 63.Kd3 Rc8 64.Rg6+  1-0

[Event "Tanta op"]
[Site "Tanta"]
[Date "1998.11.22"]
[Round "6"]
[White "El Ghazali, Youssef M"]
[Black "Dambrauskas, Virginijus"]
[Result "0-1"]
[WhiteElo "2335"]
[BlackElo "2335"]

1.c4 e6 2.Nf3 d5 3.g3 c6 4.Bg2 Nd7 5.b3 f5 6.Bb2 Ngf6 7.O-O Bd6 8.cxd5 exd5
9.Qc2 Nb6 10.a4 a5 11.Nd4 f4 12.Nf5 Bxf5 13.Qxf5 fxg3 14.hxg3 O-O 15.d3 Qe7
16.Bf3 Nbd7 17.Qg5 Ne5 18.Bxe5 Bxe5 19.Ra2 Rae8 20.Qd2 Qc7 21.Kg2 Qb6 22.Qc2 Nd7
23.Nd2 Nc5 24.Rh1 g6 25.e3 Na6 26.Qb1 Nb4 27.d4 Nxa2 28.Qxa2 Bd6 29.Qc2 Bb4
30.Nf1 Rf6 31.Be2 Be1 32.f4 Qb4 33.Kf3 Qc3 34.Qd1 Rfe6 35.Bd3 Bd2 36.Qe2 Rxe3+
37.Nxe3 Rxe3+ 38.Qxe3 Bxe3 39.Kxe3 b5 40.axb5 cxb5 41.g4 a4 42.bxa4 bxa4
43.Rb1 a3 44.Rb6 Kf7 45.Rb7+ Kf8 46.Rb8+ Ke7 47.Rb7+ Kd8 48.Ra7 Qb2 49.Ra5 a2
50.Rxd5+ Ke7 51.Re5+ Kf8  0-1

[Event "Young Masters 6th"]
[Site "Loures"]
[Date "1998.12.07"]
[Round "6"]
[White "Quadrio, Alexandre"]
[Black "Carvalho, Alda"]
[Result "1/2-1/2"]
[WhiteElo "2190"]
[BlackElo "2110"]

1.c4 e6 2.Nf3 d5 3.g3 Nf6 4.Bg2 c6 5.O-O Bd6 6.d4 O-O 7.Qc2 Nbd7 8.Nbd2 Re8
9.Rd1 Qe7 10.e4 dxe4 11.Nxe4 Nxe4 12.Qxe4 e5 13.Re1 Bb4 14.Bd2 Bxd2 15.Nxd2 Qf8
16.dxe5 Rxe5 17.Qf4 Rxe1+ 18.Rxe1 Nc5 19.Be4 Be6 20.Bc2 Rd8 21.Nf3 g6 22.Ng5 Qg7
23.b4 h6 24.bxc5 hxg5 25.Qxg5 Rd4 26.Bxg6 Rxc4 27.Qd8+ Qf8 28.Qf6 Rxc5 29.Bb1 Qg7
30.Qd8+ Qf8 31.Qf6 Qg7 32.Qd8+ Qf8  1/2-1/2

[Event "BRA-ch"]
[Site "Itabirito"]
[Date "1998.12.09"]
[Round "1.1"]
[White "Matsuura, Everaldo"]
[Black "Marques, Vinicius"]
[Result "1-0"]
[WhiteElo "2400"]
[BlackElo "2235"]

1.c4 e6 2.Nf3 d5 3.b3 Nf6 4.g3 dxc4 5.bxc4 b6 6.Bg2 Bb7 7.O-O c5 8.Bb2 Be7
9.a4 Nc6 10.Ne5 Qc7 11.Nxc6 Bxc6 12.Bxc6+ Qxc6 13.a5 O-O 14.Qa4 Qxa4 15.Rxa4 bxa5
16.Rxa5 Rfb8 17.Be5 Rb4 18.d3 Bd8 19.Ra3 Nd7 20.Bc3 a5 21.Nd2 Bf6 22.Bxb4 cxb4
23.Ra2 Nc5 24.Rb1 Bc3 25.d4 Bxd2 26.Rxd2 Ne4 27.Rdb2 Nc3 28.Ra1 h5 29.e3 e5
30.d5  1-0

[Event "Lohmar 9899"]
[Site "Lohmar"]
[Date "1998.12.29"]
[Round "4"]
[White "Kaeser, Udo"]
[Black "Tuerk, Alexander"]
[Result "1-0"]
[WhiteElo "2290"]
[BlackElo "2240"]

1.c4 e6 2.Nf3 d5 3.e3 Nf6 4.Nc3 Nbd7 5.d4 c6 6.Bd3 dxc4 7.Bxc4 b5 8.Be2 b4
9.Na4 Qa5 10.O-O Ba6 11.Bxa6 Qxa6 12.a3 bxa3 13.b3 a2 14.Rxa2 c5 15.Ba3 cxd4
16.Bxf8 Kxf8 17.Qxd4 Kg8 18.Rfa1 Qb5 19.Nc3 Qxb3 20.Rb1 e5 21.Nxe5 Qe6 22.Nxd7 Qxd7
23.Rxa7  1-0

[Event "Bad Zwesten op"]
[Site "Bad Zwesten"]
[Date "1998.??.??"]
[Round "4"]
[White "Chuchelov, Vladimir"]
[Black "Kohlweyer, Bernd"]
[Result "1-0"]
[WhiteElo "2540"]
[BlackElo "2445"]

1.Nf3 e6 2.c4 d5 3.d4 Nf6 4.Nc3 dxc4 5.Qa4+ Nbd7 6.e4 a6 7.Bxc4 c6 8.Be2 b5
9.Qc2 c5 10.dxc5 Nxc5 11.e5 Nd5 12.Nxd5 Qxd5 13.O-O Bb7 14.Be3 Rc8 15.Rfd1  1-0

[Event "Regionalliga NW9798"]
[Site "Bayern"]
[Date "1998.??.??"]
[Round "?"]
[White "Wichmann, Christian"]
[Black "Herrmann, Karl Heinz"]
[Result "1-0"]
[WhiteElo "1855"]
[BlackElo "1860"]

1.Nf3 e6 2.c4 d5 3.g3 Nf6 4.Bg2 Be7 5.O-O b6 6.b3 Bb7 7.Bb2 O-O 8.e3 c5 9.Qe2 Nc6
10.Rd1 Qc7 11.Nc3 a6 12.d4 Rfd8 13.Rac1 dxc4 14.bxc4 Rd7 15.d5 exd5 16.cxd5 Na7
17.e4 Nb5 18.Nxb5 axb5 19.Ba1 b4 20.Ng5 h6 21.Nxf7 Kxf7 22.e5 Kg8 23.exf6 Bxf6
24.Bxf6 gxf6 25.Qe6+ Kg7 26.d6 Qd8 27.Bxb7 Rxb7 28.Rc4 Raa7 29.Rg4+ Kh8 30.Rg6 Kh7
31.Rxf6  1-0

[Event "Berliner Sommer 16th"]
[Site "Berlin"]
[Date "1998.??.??"]
[Round "2"]
[White "Reschke, Thomas"]
[Black "Klovans, Janis"]
[Result "0-1"]
[WhiteElo "2230"]
[BlackElo "2465"]

1.c4 e6 2.Nf3 d5 3.b3 Nf6 4.g3 b6 5.Bg2 Bb7 6.Bb2 Be7 7.O-O O-O 8.e3 dxc4
9.bxc4 c5 10.d3 Nc6 11.Qe2 a6 12.Nc3 Na7 13.a4 Nc6 14.Ne1 Rb8 15.f4 Nb4 16.g4 Bxg2
17.Kxg2 Ne8 18.Rf3 Bh4 19.Rd1 Bxe1 20.Qxe1 Rb7 21.d4 Rd7 22.Ne2 Nd6 23.dxc5 bxc5
24.Qd2 Qa8 25.Ng3 Rfd8 26.Qc3 f6 27.g5 Ne4 28.Nxe4 Rxd1 29.Nxf6+ gxf6 30.Qxf6 R8d2+
31.Kg3  0-1

[Event "Berliner Sommer 16th"]
[Site "Berlin"]
[Date "1998.??.??"]
[Round "4"]
[White "Berebora, Ferenc"]
[Black "Rabiega, Robert"]
[Result "1/2-1/2"]
[WhiteElo "2390"]
[BlackElo "2525"]

1.c4 e6 2.Nf3 d5 3.d4 Nf6 4.g3 dxc4 5.Bg2 Nc6 6.Qa4 Bb4+ 7.Bd2 Nd5 8.Bxb4 Nxb4
9.O-O Rb8 10.Nc3 O-O 11.Qb5 b6 12.Qxc4 Ba6 13.Nb5 Qd5 14.Qxd5 exd5 15.Nc3 Rfe8
16.Rfd1 Ne7 17.Rac1 c5 18.a3 Nbc6 19.dxc5 bxc5  1/2-1/2

[Event "Biel"]
[Site "Biel"]
[Date "1998.??.??"]
[Round "1"]
[White "Zueger, Beat"]
[Black "Marciano, David"]
[Result "1/2-1/2"]
[WhiteElo "2445"]
[BlackElo "2485"]

1.c4 e6 2.Nf3 d5 3.d4 Nf6 4.g3 dxc4 5.Bg2 Nc6 6.Qa4 Bb4+ 7.Bd2 Bd6 8.Qxc4 O-O
9.Bc3 Ne4 10.O-O Qe7 11.Rd1 a6 12.Nbd2 Nxc3 13.Qxc3 e5 14.dxe5 Nxe5 15.Nxe5 Bxe5
16.Qe3 Bf6 17.Qxe7 Bxe7 18.Nc4  1/2-1/2

[Event "Wch-09 blind "]
[Site "Brno"]
[Date "1998.??.??"]
[Round "3"]
[White "Tatarczak, Jan"]
[Black "Zoltek, Tadeusz"]
[Result "0-1"]
[WhiteElo "2125"]
[BlackElo "2285"]

1.c4 e6 2.Nf3 d5 3.e3 Nf6 4.Nc3 Be7 5.b3 O-O 6.Bb2 c5 7.Qc2 Nc6 8.a3 Ne8
9.Bd3 g6 10.h4 d4 11.exd4 cxd4 12.Ne2 e5 13.b4 Bf6 14.Ng3 Nd6 15.O-O-O Be6
16.Kb1 b5 17.c5 Nc4 18.Ne4 a5 19.Bxc4 Bxc4 20.d3 Bd5 21.Qd2 axb4 22.axb4 Ra4
23.Rde1 Bg7 24.h5 Bxe4 25.Rxe4 Qd5 26.hxg6 fxg6 27.Reh4 Nxb4 28.Rxh7 Rf4
29.g3 Qb3 30.gxf4 Ra1+  0-1

[Event "Magistral Int"]
[Site "Buenos Aires"]
[Date "1998.??.??"]
[Round "?"]
[White "Rojas, Luis"]
[Black "Soppe, Guillermo"]
[Result "0-1"]
[WhiteElo "2455"]
[BlackElo "2455"]

1.c4 e6 2.Nf3 d5 3.g3 Nf6 4.Bg2 Be7 5.O-O O-O 6.b3 c5 7.Bb2 Nc6 8.e3 dxc4
9.bxc4 Qb6 10.Ba3 Qa6 11.Qe2 Rd8 12.Bb2 Nb4 13.d4 Bd7 14.Nc3 Rac8 15.Ne5 Be8
16.Rfd1 Nc6 17.Nb5 Qa4 18.Nxc6 Bxc6 19.Bxc6 Rxc6 20.dxc5 Rxd1+ 21.Rxd1 a6
22.Nd6 Rxc5 23.Qd3 h6 24.Qb3 Qxb3 25.axb3 Rc7 26.Ba3 Rd7 27.c5 a5 28.Rd4 Nd5
29.Nb5 Kf8 30.e4 Nf6 31.Ra4 Rd1+ 32.Kg2 g5 33.Rxa5 Nxe4 34.Na7 Rd2 35.Kf3 f5
36.Nc8 g4+ 37.Kf4 Bg5+ 38.Ke5 Kf7 39.Ra7 Rd5+  0-1

[Event "Cannes op"]
[Site "Cannes"]
[Date "1998.??.??"]
[Round "3"]
[White "Bukal, Vladimir Jr"]
[Black "Pelletier, Yannick"]
[Result "1/2-1/2"]
[WhiteElo "2400"]
[BlackElo "2515"]

1.c4 e6 2.Nf3 d5 3.d4 Nf6 4.Nc3 c6 5.cxd5 exd5 6.Bg5 h6 7.Bxf6 Qxf6 8.e3 Bd6
9.Bd3 O-O 10.h3 Qe7 11.O-O Nd7 12.e4 dxe4 13.Nxe4 Nf6 14.Nxd6 Qxd6 15.Qb3 Nd5
16.Ne5 Rb8 17.Bc4 Be6 18.Qf3 Nf4 19.Rad1 Bxc4 20.Nxc4 Qd5 21.Qxf4 Qxc4 22.b3 Qb4
23.Rfe1 Rbe8 24.Re3 Rxe3 25.fxe3 Re8 26.e4 Qe7 27.d5 Qxe4 28.Qxe4 Rxe4 29.dxc6 bxc6
30.Rd8+ Kh7 31.Rd7 a5  1/2-1/2

[Event "POL-ch sf"]
[Site "Czestochowa"]
[Date "1998.??.??"]
[Round "2"]
[White "Stryjecki, Marek"]
[Black "Struk, Jerzy"]
[Result "1-0"]
[WhiteElo "2325"]
[BlackElo "2175"]

1.c4 e6 2.Nf3 d5 3.b3 Be7 4.Bb2 Nf6 5.e3 O-O 6.Be2 b6 7.O-O c5 8.cxd5 exd5
9.d4 Be6 10.Nc3 Nbd7 11.Rc1 h6 12.Na4 a6 13.dxc5 Nxc5 14.Bxf6 Bxf6 15.Nxc5 bxc5
16.Rxc5 Qb6 17.Rc1 Qa5 18.Qd2 Qb6 19.Nd4 Rac8 20.h3 Bd7 21.Rxc8 Rxc8 22.Rc1 Rxc1+
23.Qxc1 g6 24.Qd2 h5 25.Bf3 Qc5 26.b4 Qd6 27.Nb3 Be6 28.Nc5 Bg7 29.Qd3 d4
30.a3 Bc8 31.Bb7 Bxb7 32.Nxb7 Qb6 33.Nc5 dxe3 34.Qxe3 Kh7 35.Qe7 a5 36.Qxf7 axb4
37.Ne6  1-0

[Event "Decin op-A"]
[Site "Decin"]
[Date "1998.??.??"]
[Round "3"]
[White "Pribyl, Josef"]
[Black "Drozdov, Alexandre"]
[Result "1/2-1/2"]
[WhiteElo "2430"]
[BlackElo "2300"]

1.c4 e6 2.Nf3 d5 3.b3 c6 4.g3 Nf6 5.Bb2 Nbd7 6.Bg2 Be7 7.O-O O-O 8.d3 c5
9.e3 b6 10.Nc3 Bb7 11.Qe2 a6 12.Rfd1 Qc7 13.Rac1 Rfd8 14.cxd5 Nxd5 15.d4 N7f6
16.Nxd5 Bxd5 17.dxc5 bxc5 18.Ne5 Bxg2 19.Kxg2 Rd5 20.Ng4 Qb7 21.Kg1 Ne4 22.f3 Nf6
23.Nxf6+ Bxf6 24.Rxd5 Qxd5 25.Rd1 Qg5 26.f4 Qg6 27.Bxf6 Qxf6 28.e4 Rd8 29.Rxd8+ Qxd8
30.Qxa6 Qd4+ 31.Kf1 h5 32.Qe2 g6 33.Kg2 Qc3 34.Kh3 Kg7 35.Qc4 Qf3 36.e5 h4
37.Qc2 hxg3 38.hxg3 Qh1+ 39.Qh2 Qf3 40.Qg1 Qd3 41.Qf2 c4 42.bxc4 Qxc4 43.Kh2 Qa4
44.Qb2 Qc4 45.a3 Qe4 46.Qa2 Qa4 47.Kh3 Qe4 48.Kh2 Qa4 49.Qb2 Qe4 50.Qd2 Qa4
51.Qd3 Qc6 52.Qd1 Qc3 53.a4 Qb2+ 54.Kh3 Qa2 55.Qd4 Qb1 56.g4 Qf1+ 57.Kg3 Qe1+
58.Qf2 Qc3+ 59.Qf3 Qe1+ 60.Qf2 Qc3+ 61.Qf3 Qe1+ 62.Kh3 Qb4 63.f5 exf5 64.gxf5 gxf5
65.Qxf5 Qxa4 66.Qg4+ Qxg4+ 67.Kxg4 Kf8 68.Kg5 Ke7 69.Kf5 Ke8 70.Kf6 Kf8 71.e6 fxe6
72.Kxe6  1/2-1/2

[Event "Decin op-A"]
[Site "Decin"]
[Date "1998.??.??"]
[Round "5"]
[White "Pribyl, Josef"]
[Black "Weglarz, Leszek"]
[Result "1/2-1/2"]
[WhiteElo "2430"]
[BlackElo "2395"]

1.c4 e6 2.Nf3 d5 3.b3 Nf6 4.g3 Be7 5.Bg2 O-O 6.O-O a5 7.Bb2 a4 8.Na3 c6 9.Qc2 Nbd7
10.Rfb1 Bb4 11.Qd1 Qe7 12.Nc2 Bd6 13.d3 axb3 14.axb3 Rxa1 15.Rxa1 e5 16.Ne3 g6
17.d4 e4 18.Nd2 Qe6 19.Ba3 Bxa3 20.Rxa3 Ng4 21.Nxg4 Qxg4 22.Nf1 Qe6 23.Qc1 Nf6
24.Ra8 Kg7 25.Ne3 h5 26.h4 Bd7 27.Rxf8 Kxf8 28.Qa3+ Kg7 29.c5 Qe8 30.Qa7 Qc8
31.b4 Be6 32.Qa5 Bd7 33.Nd1 Ne8 34.Nc3 Nc7 35.Kh2 Nb5 36.Nxb5 cxb5 37.Kg1 Bc6
38.Kf1 Bd7 39.Ke1 Bc6 40.Bf1 Qd7 41.Qa3 Qd8 42.Bh3 Qf6 43.Qe3 Qd8 44.f3 exf3
45.exf3 Qa8 46.Qd2 Qa3 47.Kf2 Qb3 48.f4 f5 49.Bg2 Kh6 50.Bf3 Qb1 51.Kg2 Qb3
52.Bd1 Qb1 53.Kh2 Qe4 54.Qc3 Qb1 55.Bf3 Qa2+ 56.Kh3 Qf2 57.Bg2 Kg7  1/2-1/2

[Event "Dresden zt (Women)"]
[Site "Dresden"]
[Date "1998.??.??"]
[Round "8"]
[White "Fauland Borek, Jutta"]
[Black "Koglin, Anke"]
[Result "1/2-1/2"]
[WhiteElo "2070"]
[BlackElo "2205"]

1.c4 e6 2.Nf3 d5 3.b3 c6 4.Bb2 Nf6 5.d3 Nbd7 6.Nbd2 Bd6 7.e4 e5 8.Be2 O-O
9.O-O Re8 10.exd5 cxd5 11.cxd5 Nxd5 12.Nc4 Bc7 13.Re1 Nf4 14.Bf1 f6 15.g3 Ng6
16.d4 e4 17.Nfd2 f5 18.d5 Be5 19.Bxe5 Ndxe5 20.Nxe5 Nxe5 21.f4 Ng4 22.Nc4 b5
23.Ne3 Qb6 24.Qd2 Bb7 25.Kg2 Nxe3+ 26.Qxe3 Qxe3 27.Rxe3 a6 28.a4 Bxd5 29.axb5 axb5
30.Rxa8 Rxa8 31.Bxb5 Ra3 32.Ba4 Bc4 33.Kf2 Bd3 34.h4 Kf8 35.Re1 Ke7 36.Rc1 Ra2+
37.Ke3 Kd6 38.Kd4 Bc2 39.Kc3 Bd3 40.Kd4 Bc2 41.Kc3 Bd3  1/2-1/2

[Event "Centrocoop June op-A"]
[Site "Eforie Nord "]
[Date "1998.??.??"]
[Round "?"]
[White "Smokina, Karolina"]
[Black "Baltac, Constantin"]
[Result "1-0"]
[WhiteElo "2195"]
[BlackElo "2110"]

1.c4 e6 2.Nf3 d5 3.cxd5 exd5 4.d4 Nf6 5.Nc3 c6 6.Qc2 Be7 7.Bf4 Nbd7 8.e3 Nh5
9.Bg3 Nxg3 10.hxg3 Nf6 11.Bd3 h6 12.Nh4 Bf8 13.Rc1 Qa5 14.a3 Be6 15.O-O Qd8
16.Na4 Nd7 17.b4 Rc8 18.Qe2 Be7 19.Nf5 Bxf5 20.Bxf5 Rc7 21.Rc2 O-O 22.Rfc1 Nb6
23.Nb2 Re8 24.Qd3 Bd6 25.b5 Qe7 26.a4 Ba3 27.Ra1 Bxb2 28.Rxb2 Nc4 29.Rb3 b6
30.bxc6 Rxc6 31.Rb5 g6 32.Bg4 Qc7 33.Rxd5 Nxe3 34.fxe3 Rc1+ 35.Rxc1 Qxc1+
36.Kf2 f5 37.Bd1 Rc8 38.Re5 Rc3 39.Qb5 h5 40.Re8+  1-0

[Event "Centrocoop Sept op-A"]
[Site "Eforie Nord"]
[Date "1998.??.??"]
[Round "?"]
[White "Bogdan, Dan"]
[Black "Potkin, Vladimir"]
[Result "0-1"]
[WhiteElo "2400"]
[BlackElo "2300"]

1.c4 e6 2.Nf3 d5 3.Qa4+ Nd7 4.g3 Nf6 5.Bg2 Be7 6.O-O O-O 7.cxd5 exd5 8.d4 c5
9.Nc3 Nb6 10.Qc2 Be6 11.a4 a6 12.Qb3 Nc4 13.dxc5 Bxc5 14.Ng5 Qe7 15.Nxd5 Bxd5
16.Bxd5 Na5 17.Bxf7+ Rxf7 18.Qxf7+ Qxf7 19.Nxf7 Kxf7 20.Bd2 Nb3 21.Rad1 Ne4
22.Bc3 Nxc3 23.bxc3 Be7 24.Rd5 Rc8 25.Rd3 Rc4 26.Rb1 Nc5 27.Rf3+ Bf6 28.Rb4 Rxb4
29.cxb4 Nxa4 30.e4 Ke6 31.Rb3 Ke5 32.f3 Kd4 33.Rb1 Nc3 34.Rb2 Kc4 35.Rd2 Kxb4
36.Kf2 a5 37.Rb2+ Kc4 38.Rxb7 a4 39.Ra7  0-1

[Event "FIN-chT9899"]
[Site "FIN"]
[Date "1998.??.??"]
[Round "5"]
[White "Haapasalo, Jukka Pekka"]
[Black "Tuomala, Tapio"]
[Result "1/2-1/2"]
[WhiteElo "2185"]
[BlackElo "2215"]

1.c4 e6 2.Nf3 d5 3.b3 Nf6 4.e3 Be7 5.Be2 O-O 6.O-O c5 7.d3 Nc6 8.cxd5 Nxd5
9.Bb2 b6 10.a3 Bf6 11.Qc2 Bb7 12.Nbd2 Bxb2 13.Qxb2 Qf6 14.Qxf6 Nxf6 15.Rfc1 Rfd8
16.Rab1 Nd5 17.Rb2 f6 18.Rbc2 Rac8 19.Kf1 e5 20.Ne1 Nce7 21.g3 Ba6 22.d4 Bxe2+
23.Kxe2 exd4 24.exd4 cxd4 25.Rxc8 Nxc8 26.Ndf3 Nc3+ 27.Kd3 Ne7 28.Nc2 Nc6
29.Re1 Rd5 30.Nb4 Nxb4+ 31.axb4 Nb5 32.Re7 a5 33.bxa5 bxa5 34.g4 Rc5 35.Nxd4 Rd5
36.Re4 Nd6 37.Rf4 g5 38.Rxf6 Nb5 39.Kc4 Rxd4+ 40.Kxb5 Rb4+ 41.Kxa5 Rxb3 42.Rf5 h6
43.f4 gxf4 44.Rxf4 Rh3 45.g5 h5 46.Rf2 Kg7 47.Kb5 Kg6 48.Rg2 Rf3 49.Kc4 h4
50.Kd4 h3 51.Re2 Kxg5 52.Re3 Rf4+ 53.Kd3 Ra4 54.Ke2 Kg4 55.Kf2 Ra2+ 56.Re2 Ra4
57.Re3 Kh4  1/2-1/2

[Event "Pyramiden Franken Cup"]
[Site "Fuerth"]
[Date "1998.??.??"]
[Round "7"]
[White "Reich, Thomas"]
[Black "Schmidt, Georg"]
[Result "1/2-1/2"]
[WhiteElo "2385"]
[BlackElo "2235"]

1.c4 e6 2.Nf3 d5 3.b3 Nf6 4.g3 Be7 5.Bg2 O-O 6.O-O Nbd7 7.Bb2 b6 8.d3 Bb7
9.Nbd2 c5 10.e3 Qc7 11.Qe2 Rfe8 12.e4 dxe4 13.dxe4 e5 14.Nh4 Nb8 15.f4 Nc6
16.Nf5 Bf8 17.fxe5 Nxe5 18.Ne3 Ned7 19.Qd3 Bd6 20.Nd5 Bxd5 21.cxd5 Be5 22.Qc2 Bxb2
23.Qxb2 Ne5 24.Qc3 Qd6 25.Rae1 Rac8 26.Nc4 Nxc4 27.bxc4 Re5 28.Rf4 Rce8 29.Qf3 R8e7
30.g4 Ne8 31.Rf1 Qd7 32.Qd1  1/2-1/2

[Event "Geelong op"]
[Site "Geelong"]
[Date "1998.??.??"]
[Round "4"]
[White "Johansen, Darryl K"]
[Black "Rogers, Ian"]
[Result "0-1"]
[WhiteElo "2490"]
[BlackElo "2570"]

1.c4 e6 2.Nf3 d5 3.d4 c6 4.Nbd2 f5 5.g3 Nf6 6.Bg2 Bd6 7.b3 O-O 8.O-O Nbd7
9.Qc2 f4 10.Bb2 Qe8 11.e4 fxe3 12.fxe3 e5 13.cxd5 e4 14.Nh4 cxd5 15.Nf5 Bb4
16.Bc3 Bxc3 17.Qxc3 Nb8 18.b4 Bxf5 19.Rxf5 Nc6 20.Bh3 a5 21.bxa5 Nxa5 22.Rb1 Rf7
23.Re5 Re7 24.Rb6 Nc6 25.Rxe7 Qxe7 26.Qb2 Nd8 27.Nb1 h5 28.Nc3 Qa3 29.Qd2 Ra6
30.Rb3 Qe7 31.Rb5 Qd6 32.Qb2 Kh8 33.Rc5 Rc6 34.Nb5 Qe7 35.Qc3 Nd7 36.Rxc6 Nxc6
37.Qb3 Nf6 38.Nc3 Qf7 39.Bc8 Nd8 40.Qb6 Qe7 41.Qc5 Qf7 42.Qd6 Nc6 43.a4 h4
44.g4 Ne7 45.Be6 Qe8 46.g5 Qg6 47.Qxe7 Qxg5+ 48.Kf2 Ng4+ 49.Bxg4 Qxe7 50.Nxd5 Qf7+
51.Nf4 Qa2+ 52.Be2 Qxa4 53.Ng6+ Kh7 54.Nxh4 b5 55.Bg4 Qc2+ 56.Kg3 b4 57.Bf5+ Kh6
58.Ng6 b3 59.Nf4 b2 60.Ng6 b1=Q 61.Nf4 Qg1+ 62.Kh4 g5+ 63.Kh3 Qcxh2+  0-1

[Event "Oberliga Sued W9798"]
[Site "GER"]
[Date "1998.??.??"]
[Round "?"]
[White "Koch, Hans Juergen"]
[Black "Elsen, Mark"]
[Result "0-1"]
[WhiteElo "2180"]
[BlackElo "2210"]

1.c4 e6 2.Nf3 d5 3.d4 c6 4.g3 Nd7 5.Bg2 dxc4 6.a4 Bb4+ 7.Bd2 a5 8.Na3 Nb6
9.O-O Nf6 10.Qc2 Bxd2 11.Qxd2 Nfd5 12.Ne5 c3 13.bxc3 Nxa4 14.c4 Nb4 15.Rfd1 f6
16.Nf3 O-O 17.Nc2 Nxc2 18.Qxc2 Nb6 19.e4 Nd7 20.d5 e5 21.c5 Qe7 22.d6 Qf7
23.Nh4 h6 24.Bf1 Kh8 25.Qc3 a4 26.Ra3 Rd8 27.Rda1 b5 28.cxb6 Nxb6 29.Qxc6 Qb7
30.Qc5 Be6 31.Bb5 Rac8 32.Qb4 Nc4 33.Qxa4 Nxa3 34.Rxa3 Rxd6 35.Ra1 Rd4 36.Qa5 Qxe4
37.Qa6 Qd5 38.Nf3 Rb4 39.Be2 Qc6 40.Qa3 Qb6 41.Rd1 Kh7 42.Rd2 Rc7 43.Kg2 Ra7
44.Qc3 Rb3 45.Qc1 Qb7  0-1

[Event "Oberliga Nord N9899"]
[Site "GER"]
[Date "1998.??.??"]
[Round "?"]
[White "Schulze, Sven"]
[Black "Ritscher, Jan Paul"]
[Result "0-1"]
[WhiteElo "2210"]
[BlackElo "2260"]

1.c4 e6 2.Nf3 d5 3.b3 Nf6 4.Bb2 Bd6 5.e3 O-O 6.Be2 c6 7.O-O Nbd7 8.d3 b5
9.Nbd2 e5 10.Qc2 Bb7 11.cxd5 cxd5 12.Rac1 Qa5 13.Rfd1 Rac8 14.Qb1 Rxc1 15.Rxc1 Ne8
16.Nf1 Nc7 17.Qa1 f6 18.Ng3 g6 19.a3 Ne6 20.b4 Qd8 21.Qa2 Qe7 22.Bd1 Kg7
23.Bb3 Nb6 24.Rc2 Ra8 25.Bc3 Nd8 26.e4 d4 27.Bd2 Nc6 28.Qb1 Qd7 29.Ba2 a5
30.bxa5 Nxa5 31.Bb4 Na4 32.Bxd6 Qxd6 33.Qxb5 Nc3 34.Qb2 Ba6 35.Nh4 Qb8 36.Qc1 Bxd3
37.Rxc3 dxc3 38.Qxc3 Bb5 39.Qb4 Qb7 40.Qd6 Bc4 41.Qd2 Bxa2 42.Qxa2 Rb8 43.Nf1 Qxe4
44.Nf3 Nc4 45.N3d2 Nxd2 46.Qxd2 Qd4 47.Qc1 Rb2 48.Qc7+ Kh6 49.Qc1+ g5 50.Ne3 Qb6  0-1

[Event "NRW-Liga II 9899"]
[Site "GER"]
[Date "1998.??.??"]
[Round "4"]
[White "Cekro, Ekrem"]
[Black "Feigin, Mihail"]
[Result "0-1"]
[WhiteElo "2385"]
[BlackElo "2410"]

1.c4 e6 2.Nf3 d5 3.g3 dxc4 4.Qa4+ Nd7 5.Bg2 a6 6.Qxc4 b5 7.Qc2 Bb7 8.O-O Ngf6
9.a4 Bd6 10.d3 O-O 11.Nc3 Qb8 12.e4 c5 13.Bg5 c4 14.Bxf6 Nxf6 15.axb5 axb5
16.dxc4 bxc4 17.Nd2 Rc8 18.Rfc1 Ng4 19.Rxa8 Bxa8 20.Nd1 Ne5 21.b3 Nd3 22.Ra1 Nb4
23.Qc3 Be5 24.Rxa8 Qxa8 25.Qxe5 cxb3 26.Nxb3 Qa4 27.Qb2 Nd3 28.Qb1 Nc1 29.Nxc1 Qxd1+
30.Bf1 Qxc1 31.Qb6 Qc5 32.Qb2 e5 33.Qb7 g6 34.Bh3 Rd8 35.Qb2 Rd1+  0-1

[Event "BL2-S9798"]
[Site "Germany"]
[Date "1998.??.??"]
[Round "?.1"]
[White "Zeller, Frank"]
[Black "Jirovsky, Milos"]
[Result "0-1"]
[WhiteElo "2440"]
[BlackElo "2480"]

1.c4 e6 2.Nf3 d5 3.d4 Nf6 4.Bg5 Nbd7 5.Nc3 Bb4 6.e3 c5 7.cxd5 exd5 8.Bd3 Qa5
9.O-O c4 10.Bc2 O-O 11.Ne5 Re8 12.Rc1 Bxc3 13.bxc3 Ne4 14.Bxe4 dxe4 15.Nxf7 Qd5
16.Ne5 Nxe5 17.dxe5 Qxe5 18.Bf4 Qc5 19.Rc2 Be6 20.Rd2 b5 21.Rd4 a5 22.Qb1 Bg4
23.Re1 Rad8 24.h3 Bh5 25.g4 Bf7 26.Red1 Rd5 27.Rxd5 Bxd5 28.Rd4 b4 29.Qd1 Bf7
30.Rd7 Qb5 31.cxb4 axb4 32.Rd8 b3 33.axb3 cxb3 34.Rxe8+ Bxe8 35.Qb1 b2 36.Bd6 Qd3
37.Qa2+ Kh8 38.Qxb2 Qxd6 39.Qb7 Qe5 40.Qa8 h6 41.Kg2 Kh7 42.Qd8 Bb5 43.Qd1 Qf6
44.Kg3 Bc6 45.h4 Qe5+ 46.Kg2 Bb5 47.Kh3 Bc4 48.Kg2 Bd3 49.Kh3 Qb2  0-1

[Event "BL2-W9798"]
[Site "Germany"]
[Date "1998.??.??"]
[Round "?.6"]
[White "Burkart, Patrick"]
[Black "Florath, Patrick"]
[Result "1-0"]
[WhiteElo "2345"]
[BlackElo "2295"]

1.c4 e6 2.Nf3 d5 3.d4 Nf6 4.Bg5 Be7 5.e3 O-O 6.Nc3 h6 7.Bxf6 Bxf6 8.Rc1 c6
9.Bd3 b6 10.O-O Bb7 11.Qe2 Nd7 12.Rfd1 Re8 13.cxd5 exd5 14.Ba6 Qc8 15.Bxb7 Qxb7
16.Qc2 Rac8 17.Qb3 Be7 18.Rc2 Bd6 19.a3 Nf6 20.Ne2 Rc7 21.Nc1 Rec8 22.Nd3 c5
23.dxc5 bxc5 24.Qa4 c4 25.Nc1 Rc6 26.Qa5 Rb6 27.Nd4 Rxb2 28.Nce2 Rxc2 29.Nxc2 Rb8
30.g3 Be5 31.Nb4 Bc7 32.Qc5 Bb6 33.Qb5 Rd8 34.Nc3 d4 35.Rxd4 Rxd4 36.exd4 Qf3
37.Qxc4 Ng4 38.Nd3 h5 39.h3 Nh6 40.Ne5 Qf5 41.Kg2 h4 42.g4 Qf4 43.Qc8+ Kh7
44.Nd7 g6 45.Nxb6 axb6 46.d5 Kg7 47.Qd7 Qd4 48.Qc7 Ng8 49.g5 Qd2 50.Qe5+ Kf8
51.d6 Qd3 52.Nd5 Qb5 53.Kh2 Qc5 54.Kg2 Qb5 55.f3 Qc6 56.Ne3 Qc1 57.Qd4 Ke8
58.Qxb6 Kd7 59.Qc7+ Qxc7 60.dxc7 Kxc7 61.f4 Kc6 62.Kf3 Kc5 63.Ke4 f6 64.Ng2 fxg5
65.fxg5 Kd6 66.Nxh4 Ne7 67.Ng2 Nc6 68.Nf4 Ne5 69.h4 Nc4 70.Nxg6 Ke6 71.Nf4+  1-0

[Event "Oberliga Nord N9798"]
[Site "Germany"]
[Date "1998.??.??"]
[Round "?"]
[White "Kuehn, Stefan"]
[Black "Kroencke, Manfred"]
[Result "1-0"]
[WhiteElo "2295"]
[BlackElo "2185"]

1.c4 e6 2.Nf3 d5 3.g3 Nf6 4.b3 Be7 5.Bb2 O-O 6.Bg2 b6 7.O-O Bb7 8.d3 c5 9.Nbd2 d4
10.b4 Nbd7 11.bxc5 bxc5 12.Nb3 Qc7 13.Ba3 Rfe8 14.Rb1 Rab8 15.Qd2 Bd8 16.e4 a5
17.Rb2 a4 18.Na1 Bc6 19.Rfb1 Rxb2 20.Qxb2 Qa7 21.Qe2 Bc7 22.Nd2 Rb8 23.Rf1 e5
24.Bh3 Ba5 25.f4 Bc3 26.Nf3 exf4 27.gxf4 Nh5 28.Ng5 g6 29.Nc2 Bb2 30.e5 Nf8
31.f5 Bxa3 32.Nxa3 h6 33.fxg6 fxg6 34.Nf7 Kh7 35.Nd6 Ng7 36.Rf7 Qa5 37.e6 Qc3
38.e7 Qc1+ 39.Rf1 Qg5+ 40.Bg4 Nfe6 41.Nf7 Qxe7 42.Ne5 Ba8 43.Nb5 Rf8 44.Rxf8 Nxf8
45.Nd7 Nfe6 46.Bxe6 Nxe6 47.Qxe6 Qg5+ 48.Kf1 Qc1+ 49.Kf2 Qf4+ 50.Ke2 Qxh2+
51.Ke1 Qg3+ 52.Kd2 Qf4+ 53.Kc2 Qf2+ 54.Kb1 h5 55.Nf6+ Kh6 56.Nd6 Qf1+ 57.Kc2 Qf2+
58.Kc1 Qf1+ 59.Kb2 a3+ 60.Kxa3 Qxd3+ 61.Ka4 Bc6+ 62.Ka5 Qf3 63.Ng8+ Kg7 64.Ne7 Qf6
65.Qg8+  1-0